000 00410nam a2200181Ia 4500
001 375
005 20260306140513.0
008 260306t1992||||xx |||||||||||||| ||spa||
041 _aESP
082 _a110
_bF75
100 _aForment, Eudaldo
_eAUT
245 0 _aLecciones de metafĂ­sica
260 _c1992
300 _a374 páginas :
_c23 cm.
650 _aGEN
654 _aCHU
942 _cLIB
_dJUS
_fJUS
_2ddc
_n
999 _c375
_d375